| 000 | 01118nam a2200349Ia 4500 | ||
|---|---|---|---|
| 001 | dia_2255 | ||
| 003 | CHAP | ||
| 005 | 20251023170826.0 | ||
| 008 | 220117s1998 xx 000 0 und d | ||
| 010 | _a173429 | ||
| 020 | _a978-968-411-425-8 | ||
| 040 | _cCHAP | ||
| 082 | _a808.84912 P66 N63 1998 | ||
| 100 |
_aPoniatowska, Elena _9128433 |
||
| 245 |
_aLa noche de Tlatelolco : testimonios de historia oral / _c Elena Poniatowska |
||
| 250 | _a2a ed. corr. | ||
| 260 |
_aMéxico : _b Era, _c1998 |
||
| 300 | _a281 p. | ||
| 440 | 0 |
_aBiblioteca Era (Era) _912388 |
|
| 503 | _aC. | ||
| 590 | _aPQ7297.P74 N63 1998 | ||
| 650 |
_aEnsayo _9153131 |
||
| 650 |
_aEssay _9153132 |
||
| 650 |
_aEstudiantes _xMéxico _xTlatelolco _xActividades políticas _9153760 |
||
| 650 |
_aLiteratura mexicana _xSiglo XX _9153761 |
||
| 650 | 0 |
_aMexican literature _x _y20th. century _9153762 |
|
| 650 |
_aStudents _xPolitical activity _xMexico _xTlatelolco _9153763 |
||
| 901 | _a808.84912 P66 N63 1998 | ||
| 902 | _aA | ||
| 905 | _a5232271998 mx d 9222223322spa16 | ||
| 942 |
_cLIBRO _2ddc |
||
| 999 |
_c173429 _d173429 |
||